Менеджмент инвестиций и инноваций: учебник для вузов

Dettagli Bibliografici
Autore principale: Гончаренко Л. П. Людмила Петровна
Riassunto:Рассматриваются основные аспекты инвестиционной и инновационной деятельности в России. Раскрываются основные понятия, сущность инвестиций, приводятся их виды и классификация, описываются инвестиционные ресурсы и их источники. Уделено большое внимание выработке инвестиционной и инновационной политики предприятия, их целям, принципам, содержанию и месту в общейстратегии развития предприятия. Рассматривается управление инвестиционными проектами, их виды, формы финансирования, методы оценки эффективности инвестиций. Также рассматривается правовое регулирование инвестиционной и инновационной деятельности в России. Проводится анализ современного состояния научно-технической"и инновационной сфер деятельности в России и зарубежных странах. Для студентов, обучающихся по специальности «Менеджмент», «Менеджмент организации», «Национальная экономика», магистрантов по направлению «Экономика» (программа «Финансовая экономика») и «Менеджмент» (программа «Управление интеллектуальной собственностью»), а также преподавателей и аспирантов.
Lingua:russo
Pubblicazione: Москва, КноРус, 2014
Serie:Бакалавриат
Soggetti:
Natura: Libro
KOHA link:https://koha.lib.tpu.ru/cgi-bin/koha/opac-detail.pl?biblionumber=261931

MARC

LEADER 00000nam0a2200000 4500
001 261931
005 20231101233616.0
010 |a 9785406036631  |b 3000 экз. 
021 |a RU  |b 08-91657  |9 08-5361 
035 |a (RuTPU)RU\TPU\book\284913 
035 |a RU\TPU\book\172422 
090 |a 261931 
100 |a 20081210d2014 m y0rusy5002 ca 
101 0 |a rus 
102 |a RU 
105 |a y j 001zy 
200 1 |a Менеджмент инвестиций и инноваций  |e учебник для вузов   |f Л. П. Гончаренко 
210 |a Москва  |c КноРус  |d 2014 
215 |a 159 с. 
225 1 |a Бакалавриат 
320 |a Библиогр.: с. 156-158. 
330 |a Рассматриваются основные аспекты инвестиционной и инновационной деятельности в России. Раскрываются основные понятия, сущность инвестиций, приводятся их виды и классификация, описываются инвестиционные ресурсы и их источники. Уделено большое внимание выработке инвестиционной и инновационной политики предприятия, их целям, принципам, содержанию и месту в общейстратегии развития предприятия. Рассматривается управление инвестиционными проектами, их виды, формы финансирования, методы оценки эффективности инвестиций. Также рассматривается правовое регулирование инвестиционной и инновационной деятельности в России. Проводится анализ современного состояния научно-технической"и инновационной сфер деятельности в России и зарубежных странах. Для студентов, обучающихся по специальности «Менеджмент», «Менеджмент организации», «Национальная экономика», магистрантов по направлению «Экономика» (программа «Финансовая экономика») и «Менеджмент» (программа «Управление интеллектуальной собственностью»), а также преподавателей и аспирантов. 
606 1 |a Инвестиции  |2 stltpush  |3 (RuTPU)RU\TPU\subj\36163  |9 57637 
606 1 |a Инновации  |2 stltpush  |3 (RuTPU)RU\TPU\subj\67423  |9 83236 
610 1 |a инвестиционная деятельность 
610 1 |a инновационная деятельность 
610 1 |a научно-техническая политика 
610 1 |a инновационная сфера 
610 1 |a государственное регулирование 
610 1 |a Россия 
610 1 |a инвестиционный менеджмент 
610 1 |a инвестиционные проекты 
610 1 |a учебники 
686 |a У9(2)0-56я73  |v LBC/SL-A  |2 rubbk 
686 |a У9(2)0-551я73  |v LBC/SL-A  |2 rubbk 
700 1 |a Гончаренко  |b Л. П.  |g Людмила Петровна  |4 070 
801 1 |a RU  |b 63413507  |c 20140528 
801 2 |a RU  |b 63413507  |c 20150624  |g RCR 
942 |c BK 
959 |a 90/20140528  |d 7  |e 210,00  |f ЧЗГЛ:1  |f АНЛ:1  |f УФ:5